000 00857nam a22002057a 4500
003 DO-SdBNP
005 20211112093757.0
008 211111b ||||| |||| 00| 0 eng d
020 _a9789945624274
040 _aDO-SdBNP
_bspa
_cBNPHU
100 1 _aMorales, Pedro H.
_922565
245 1 0 _aBabilonia Omega :
_bdictadura global /
_cPedro H. Morales.
260 _aSan Cristóbal, República Dominicana :
_bFR Multiservicios,
_c2021.
300 _a95 p.
_c22 cm.
500 _aIncluye datos biográficos del autor en la página 95
505 0 _aIntroducción --
_tConstantes de la historia --
_tLa historia detrás de la historia --
_tBabilonia Alfa: el imperio antiguo --
_tJerusalén en peligro –
_tArcanos y enigmas babilónicos –
_tLo que viene para el mundo --
590 _aInventariado, 2021 /LP
910 _aLopérez
942 _2ddc
_cLBS1
999 _c50937
_d50937